[Event "Warsaw Najdorf Memorial op-B"]
[Site "Warsaw"]
[Date "2023.07.13"]
[Round "3"]
[White "Pires, Emanuel Joao Robart"]
[Black "Mazurek, Jerzy"]
[Result "0-1"]
[WhiteElo "1994"]
[BlackElo "1738"]
[PlyCount "172"]
[EventDate "2023.07.11"]
[EventType "swiss"]
[EventRounds "9"]
[EventCountry "POL"]
[SourceTitle "EXT 2024"]
[Source "ChessBase"]
[SourceDate "2023.10.10"]
[SourceVersion "1"]
[SourceVersionDate "2023.10.10"]
[SourceQuality "1"]

1. e4 c5 2. Nf3 d6 3. Bb5+ Bd7 4. Bxd7+ Nxd7 5. d4 cxd4 6. Qxd4 Ngf6 7. Nc3 g6 8. Bg5 Bg7 9. 0-0-0 0-0 10. Kb1 Qa5 11. Qd2 Qb6 12. Nd4 Rfc8 13. f3 Rc4 14. Be3 Rac8 15. Ne6 Nxe4 16. fxe4 Bxc3 17. Qxc3 Rxc3 18. Bxb6 R3c6 19. Bd8 fxe6 20. Bxe7 Rxc2 21. Rxd6 Nb6 22. Rd8+ Rxd8 23. Kxc2 Rd4 24. Re1 Nd7 25. b4 Kf7 26. Kc3 e5 27. Bh4 a6 28. Bf2 Rd6 29. a4 b5 30. axb5 axb5 31. Ra1 Nf6 32. Re1 Ke6 33. h3 Rd7 34. g4 g5 35. Bc5 Rd8 36. Kc2 Rd7 37. Re2 Rd8 38. Kc3 Rd7 39. Re1 Rd8 40. Bf2 Rd6 41. Kc2 Rd8 42. Be3 h6 43. Ra1 Nxe4 44. Ra6+ Rd6 45. Ra5 Rd5 46. Ra8 Kf7 47. Rh8 Kg7 48. Rb8 Nd6 49. Bc5 Nc4 50. Kc3 Na3 51. Bf8+ Kf7 52. Bc5 e4 53. Rb7+ Kg8 54. Rb8+ Kf7 55. Rb7+ Kg8 56. Rb8+ Kf7 57. Rb7+ Kf6 58. Rb6+ Ke5 59. Rxh6 Rd3+ 60. Kb2 e3 61. Rh8 Nc4+ 62. Kc2 Rd2+ 63. Kc3 Ke4 64. Re8+ Ne5 65. Ba7 Rd3+ 66. Kc2 e2 67. Bf2 Rd5 68. Bg3 Kf3 69. Be1 Kg2 70. Bc3 Kf1 71. Rf8+ Kg2 72. Rf5 Kxh3 73. Rxg5 Kg2 74. Rf5 Nxg4 75. Rxd5 Ne3+ 76. Kd2 Kf2 77. Kd3 Nxd5 78. Bd2 Kf1 79. Kd4 Nf6 80. Ke5 Ng4+ 81. Kd5 Nf6+ 82. Ke5 e1Q+ 83. Bxe1 Kxe1 84. Kd6 Ne4+ 85. Kd5 Nc3+ 86. Kd4 Kd2 0-1

[Event "Warsaw YMCA Winter-A 271st"]
[Site "Warsaw"]
[Date "2023.02.28"]
[Round "8"]
[White "Mazurek, Jerzy"]
[Black "Rylski, Tadeusz"]
[Result "1/2-1/2"]
[WhiteElo "1715"]
[BlackElo "1800"]
[PlyCount "89"]
[EventDate "2023.01.13"]
[EventType "tourn"]
[EventRounds "11"]
[EventCountry "POL"]
[SourceTitle "EXT 2024"]
[Source "ChessBase"]
[SourceDate "2023.10.10"]
[SourceVersion "1"]
[SourceVersionDate "2023.10.10"]
[SourceQuality "1"]

1. e4 e5 2. Nf3 Nc6 3. Bb5 a6 4. Ba4 Nf6 5. 0-0 Be7 6. Re1 b5 7. Bb3 d6 8. c3 0-0 9. h3 Bb7 10. d4 Re8 11. Ng5 Rf8 12. Nf3 Re8 13. Nbd2 Bf8 14. a3 Nb8 15. Bc2 Nbd7 16. b3 g6 17. Bb2 Bg7 18. Bd3 Nh5 19. Qc2 c5 20. d5 Nf4 21. Bf1 f5 22. c4 bxc4 23. bxc4 Qf6 24. Qa4 Re7 25. Rab1 Rf7 26. Bc3 Rb8 27. Ba5 Nf8 28. Bb6 Bc8 29. Bd8 Qxd8 30. Rxb8 fxe4 31. Rxe4 Qc7 32. Rb2 Bf5 33. Ng5 Bxe4 34. Nxf7 Bxg2 35. Bxg2 e4 36. Qc6 Qxf7 37. Rb7 Qf5 38. Qe8 Be5 39. Rb8 e3 40. fxe3 Ne2+ 41. Kh1 Ng3+ 42. Kg1 Ne2+ 43. Kh1 Ng3+ 44. Kg1 Ne2+ 45. Kh1 1/2-1/2

[Event "Warsaw YMCA Winter-A 271st"]
[Site "Warsaw"]
[Date "2023.02.09"]
[Round "6"]
[White "Mazurek, Jerzy"]
[Black "Terkiewicz, Bruno"]
[Result "0-1"]
[WhiteElo "1715"]
[BlackElo "1769"]
[PlyCount "86"]
[EventDate "2023.01.13"]
[EventType "tourn"]
[EventRounds "11"]
[EventCountry "POL"]
[SourceTitle "EXT 2024"]
[Source "ChessBase"]
[SourceDate "2023.10.10"]
[SourceVersion "1"]
[SourceVersionDate "2023.10.10"]
[SourceQuality "1"]

1. c4 e5 2. g3 Nf6 3. Bg2 d5 4. cxd5 Nxd5 5. Nc3 Nb6 6. Nf3 Nc6 7. 0-0 Be7 8. d3 0-0 9. a3 Re8 10. b4 Bf8 11. Bb2 a5 12. b5 Nd4 13. e3 Nxf3+ 14. Bxf3 a4 15. Rc1 Ra7 16. Qc2 Bh3 17. Rfe1 Qd7 18. Ne2 Qxb5 19. d4 Nd7 20. Be4 h6 21. dxe5 Nxe5 22. Nd4 Qb6 23. f4 Nc4 24. Bh7+ Kh8 25. Qxc4 Kxh7 26. Rc2 Re7 27. Qd3+ Kg8 28. Rec1 Ra8 29. Qc3 Rae8 30. Re2 c6 31. Ba1 Re4 32. Rce1 Qd8 33. Rb2 Qe7 34. Nc2 Be6 35. Rb4 Bb3 36. Rxe4 Qxe4 37. Nb4 c5 38. Nd3 Bd5 39. Re2 Qh1+ 40. Kf2 Bf3 41. Rc2 Qg2+ 42. Ke1 Qg1+ 43. Kd2 Qxe3# 0-1

[Event "Warsaw YMCA Winter-A 271st"]
[Site "Warsaw"]
[Date "2023.02.02"]
[Round "2"]
[White "Choroszej, Aleksander"]
[Black "Mazurek, Jerzy"]
[Result "1-0"]
[WhiteElo "2036"]
[BlackElo "1715"]
[PlyCount "51"]
[EventDate "2023.01.13"]
[EventType "tourn"]
[EventRounds "11"]
[EventCountry "POL"]
[SourceTitle "EXT 2024"]
[Source "ChessBase"]
[SourceDate "2023.10.10"]
[SourceVersion "1"]
[SourceVersionDate "2023.10.10"]
[SourceQuality "1"]

1. d4 Nf6 2. c4 g6 3. Nc3 Bg7 4. e4 d6 5. f4 0-0 6. Nf3 e5 7. fxe5 dxe5 8. d5 c6 9. Bd3 b5 10. Qe2 bxc4 11. Bxc4 cxd5 12. Nxd5 Nc6 13. 0-0 Bg4 14. Bg5 Qd6 15. Qe3 Nxd5 16. Bxd5 Be6 17. Rad1 Rab8 18. b3 Nd4 19. Bxe6 Qxe6 20. Bh6 Nxf3+ 21. Rxf3 Bxh6 22. Qxh6 Qb6+ 23. Kh1 Rbd8 24. Rdf1 Rd4 25. Rh3 Qf6 26. Qxh7# 1-0

[Event "Warsaw YMCA Autumn-A 266th"]
[Site "Warsaw"]
[Date "2022.09.30"]
[Round "5"]
[White "Matyszkiewicz, Wiktor"]
[Black "Mazurek, Jerzy"]
[Result "1-0"]
[WhiteElo "1793"]
[BlackElo "1726"]
[PlyCount "77"]
[EventDate "2022.09.30"]
[EventType "tourn"]
[EventRounds "13"]
[EventCountry "POL"]
[SourceTitle "EXT 2024"]
[Source "ChessBase"]
[SourceDate "2023.10.10"]
[SourceVersion "1"]
[SourceVersionDate "2023.10.10"]
[SourceQuality "1"]

1. e4 c5 2. Nf3 Nc6 3. d4 cxd4 4. Nxd4 Nf6 5. Nc3 e5 6. Ndb5 d6 7. Bg5 a6 8. Na3 b5 9. Bxf6 gxf6 10. Nd5 Bg7 11. c3 f5 12. Bd3 Ne7 13. Nxe7 Qxe7 14. Qh5 d5 15. exd5 e4 16. 0-0 0-0 17. Bc2 b4 18. Nc4 Qc5 19. Ne3 bxc3 20. bxc3 Qxc3 21. Rac1 Qf6 22. Ba4 Ra7 23. Rc6 Qe5 24. Nc4 Qf4 25. g3 Qg4 26. Qxg4 fxg4 27. d6 Be6 28. Nb6 Bd4 29. Rd1 Bxb6 30. Rxb6 Rd8 31. a3 f5 32. Kf1 Bc4+ 33. Ke1 Kf7 34. Kd2 Bb5 35. Bb3+ Kf6 36. Ke3 Bd7 37. Rc1 Rc8 38. Rxc8 Bxc8 39. d7+ 1-0

[Event "Warsaw YMCA Autumn-A 266th"]
[Site "Warsaw"]
[Date "2022.09.30"]
[Round "10"]
[White "Mazurek, Jerzy"]
[Black "Szukalski, Antoni"]
[Result "1-0"]
[WhiteElo "1726"]
[BlackElo "1702"]
[PlyCount "123"]
[EventDate "2022.09.30"]
[EventType "tourn"]
[EventRounds "13"]
[EventCountry "POL"]
[SourceTitle "EXT 2024"]
[Source "ChessBase"]
[SourceDate "2023.10.10"]
[SourceVersion "1"]
[SourceVersionDate "2023.10.10"]
[SourceQuality "1"]

1. c4 Nf6 2. Nc3 e6 3. d4 d5 4. cxd5 exd5 5. Bg5 Be7 6. e3 c6 7. Bd3 Nbd7 8. Nge2 Ne4 9. Bxe7 Qxe7 10. Bxe4 dxe4 11. Ng3 Nf6 12. Qc2 0-0 13. Ngxe4 Re8 14. Ng3 Bg4 15. h3 Be6 16. 0-0 Rad8 17. Na4 Bc8 18. Rfe1 g6 19. Rad1 h5 20. e4 h4 21. Nf1 Nh5 22. Qc5 Qf6 23. Nc3 b6 24. Qc4 Qg5 25. e5 Nf4 26. Ne3 Bxh3 27. Ne4 Be6 28. Nxg5 Bxc4 29. Nxc4 Ne6 30. Nxe6 Rxe6 31. f4 f6 32. Nd6 a6 33. Ne4 fxe5 34. dxe5 Rf8 35. Nf6+ Kg7 36. Rd7+ Rf7 37. Rxf7+ Kxf7 38. Kf2 c5 39. Kf3 c4 40. Ke4 b5 41. Rd1 Rc6 42. Rd7+ Ke6 43. Rd8 b4 44. Rd2 c3 45. bxc3 bxc3 46. Rc2 Rc4+ 47. Ke3 Kf5 48. Nd5 g5 49. fxg5 Re4+ 50. Kd3 Rxe5 51. Nxc3 Kxg5 52. Ne4+ Kg4 53. Ke3 Ra5 54. Kf2 Ra4 55. Nd2 Rf4+ 56. Kg1 Rf6 57. Rc4+ Kh5 58. Ra4 Rg6 59. Kh2 Rd6 60. Nf3 a5 61. Rxa5+ Kg4 62. Ra4+ 1-0

[Event "Warsaw YMCA Autumn-A 266th"]
[Site "Warsaw"]
[Date "2022.09.30"]
[Round "12"]
[White "Mazurek, Jerzy"]
[Black "Terkiewicz, Bruno"]
[Result "0-1"]
[WhiteElo "1726"]
[BlackElo "1846"]
[PlyCount "74"]
[EventDate "2022.09.30"]
[EventType "tourn"]
[EventRounds "13"]
[EventCountry "POL"]
[SourceTitle "EXT 2024"]
[Source "ChessBase"]
[SourceDate "2023.10.10"]
[SourceVersion "1"]
[SourceVersionDate "2023.10.10"]
[SourceQuality "1"]

1. c4 e5 2. Nc3 Nf6 3. g3 Bb4 4. Bg2 0-0 5. e4 d6 6. Nge2 Be6 7. b3 c6 8. 0-0 d5 9. exd5 cxd5 10. d3 Nc6 11. Bg5 dxc4 12. bxc4 Bxc3 13. Nxc3 h6 14. Bxf6 Qxf6 15. Rb1 Rab8 16. Qa4 Bf5 17. Nd5 Qd6 18. Rbd1 Rfd8 19. f4 Rd7 20. Kh1 Bg4 21. Rde1 Rbd8 22. Ne3 Bh5 23. Nd5 f6 24. Bh3 Rf7 25. g4 Bg6 26. f5 Bh7 27. Bg2 Kh8 28. Qc2 Bg8 29. Qf2 Rfd7 30. Be4 b5 31. Ne3 Nb4 32. Rd1 Qa6 33. cxb5 Qxb5 34. g5 hxg5 35. h4 g4 36. Nxg4 Nxd3 37. Qe2 Nf2+ 0-1

[Event "Warsaw YMCA Autumn-A 266th"]
[Site "Warsaw"]
[Date "2022.09.30"]
[Round "9"]
[White "Terkiewicz, Bruno"]
[Black "Mazurek, Jerzy"]
[Result "1-0"]
[WhiteElo "1846"]
[BlackElo "1726"]
[PlyCount "103"]
[EventDate "2022.09.30"]
[EventType "tourn"]
[EventRounds "13"]
[EventCountry "POL"]
[SourceTitle "EXT 2024"]
[Source "ChessBase"]
[SourceDate "2023.10.10"]
[SourceVersion "1"]
[SourceVersionDate "2023.10.10"]
[SourceQuality "1"]

1. d4 Nf6 2. c4 g6 3. Nf3 Bg7 4. g3 0-0 5. Bg2 d6 6. 0-0 Nc6 7. Nc3 e5 8. dxe5 Nxe5 9. Qa4 Nxf3+ 10. Bxf3 Nd7 11. Rd1 a6 12. Be3 Ne5 13. Bg2 Bd7 14. Qb3 Bc6 15. c5 Ng4 16. Bd4 Bxg2 17. Kxg2 Qd7 18. cxd6 cxd6 19. Nd5 Qe6 20. Nb6 Bxd4 21. Qxe6 fxe6 22. Rxd4 Rxf2+ 23. Kg1 Raf8 24. Rxg4 Rxe2 25. Rf4 Rxf4 26. gxf4 Rxb2 27. Nc4 Rb4 28. Nxd6 Rxf4 29. Nxb7 Rc4 30. Rf1 Kg7 31. Nd6 Ra4 32. Rf2 g5 33. Re2 Kg6 34. Rxe6+ Kh5 35. Re2 g4 36. Kg2 Kg5 37. Ne4+ Kf4 38. Nc5 Ra3 39. Re4+ Kf5 40. Ra4 Rc3 41. Ne4 Rc2+ 42. Nf2 h5 43. Rxa6 h4 44. Ra4 g3 45. hxg3 hxg3 46. Kxg3 Rc3+ 47. Kg2 Ke5 48. Kf1 Kd5 49. Nd1 Rc6 50. Ne3+ Kd6 51. Ke2 Kc5 52. Rc4+ 1-0

[Event "POL-chT 2nd League"]
[Site "Jastrzebia Gora"]
[Date "2022.09.08"]
[Round "6.112"]
[White "Mazurek, Jerzy"]
[Black "Wozniak, Grzegorz1111"]
[Result "1-0"]
[WhiteElo "1726"]
[BlackElo "1579"]
[PlyCount "171"]
[EventDate "2022.09.03"]
[EventType "team-swiss"]
[EventRounds "9"]
[EventCountry "POL"]
[SourceTitle "CBM 210 Extra"]
[Source "ChessBase"]
[SourceDate "2022.11.30"]
[SourceVersion "1"]
[SourceVersionDate "2022.11.30"]
[SourceQuality "1"]
[WhiteTeam "Skoczek Trojanski"]
[BlackTeam "Rzeszow RzKSz"]
[WhiteTeamCountry "POL"]
[BlackTeamCountry "POL"]

1. c4 Nf6 2. Nc3 e5 3. g3 d5 4. cxd5 Nxd5 5. Bg2 Nxc3 6. bxc3 c6 7. Nf3 Bd6 8. 0-0 0-0 9. d4 exd4 10. cxd4 Nd7 11. Qc2 Nf6 12. e4 Be7 13. Bb2 h6 14. Ne5 Be6 15. f4 Qa5 16. f5 Bd7 17. Nc4 Qc7 18. Ne3 Rac8 19. Rac1 Qa5 20. Bc3 Qc7 21. e5 Nh7 22. f6 gxf6 23. Be4 Ng5 24. exf6 Bd6 25. Bf5 Rce8 26. Ng4 Bxf5 27. Nxh6+ Kh8 28. Rxf5 Rg8 29. Nxg8 Rxg8 30. Qe2 Bxg3 31. hxg3 Qxg3+ 32. Kh1 Nh7 33. Rh5 Qf4 34. Rxh7+ Kxh7 35. Qh5+ Qh6 36. Qxh6+ Kxh6 37. Bd2+ Kh5 38. Bf4 Rg4 39. Be5 Re4 40. Rc2 Kg4 41. a4 Re1+ 42. Kg2 Kf5 43. a5 Ra1 44. Rb2 b5 45. axb6 axb6 46. Rxb6 c5 47. Rc6 cxd4 48. Bxd4 Rd1 49. Bb6 Rd5 50. Be3 Kg6 51. Kg3 Rf5 52. Bd4 Rd5 53. Bc3 Kg5 54. Bb4 Rd3+ 55. Kf2 Rb3 56. Be7 Kf4 57. Rc4+ Kf5 58. Ke2 Rh3 59. Kd2 Rb3 60. Kc2 Rh3 61. Rc3 Rh1 62. Kd3 Rd1+ 63. Kc4 Rd7 64. Rd3 Rc7+ 65. Kb5 Rc1 66. Rd6 Ke5 67. Kb6 Rc2 68. Rc6 Rd2 69. Kc7 Rd1 70. Kc8 Kf5 71. Bd8 Rd3 72. Rc7 Kg6 73. Be7 Rd1 74. Rd7 Ra1 75. Rd6 Ra7 76. Kd8 Ra8+ 77. Kd7 Kf5 78. Bd8 Ra1 79. Ke8 Kg6 80. Rd7 Re1+ 81. Kf8 Rh1 82. Rxf7 Rh8+ 83. Ke7 Rh1 84. Rg7+ Kf5 85. Kf7 Rh8 86. Be7 1-0

[Event "Warsaw YMCA Summer-A 261st"]
[Site "Warsaw"]
[Date "2022.08.03"]
[Round "7"]
[White "Moskwinski, Marek"]
[Black "Mazurek, Jerzy"]
[Result "1-0"]
[WhiteElo "1856"]
[BlackElo "1746"]
[PlyCount "87"]
[EventDate "2022.06.29"]
[EventType "swiss"]
[EventRounds "10"]
[EventCountry "POL"]
[SourceTitle "EXT 2023"]
[Source "ChessBase"]
[SourceDate "2022.10.05"]
[SourceVersion "1"]
[SourceVersionDate "2022.10.05"]
[SourceQuality "1"]

1. e4 c5 2. Nf3 Nc6 3. d4 cxd4 4. Nxd4 Nf6 5. Nc3 d6 6. Bc4 Qb6 7. Nf3 e6 8. 0-0 Be7 9. Bb3 0-0 10. Be3 Qc7 11. h3 Na5 12. Qd2 Bd7 13. Nd4 a6 14. Rfd1 b5 15. a3 Nxb3 16. cxb3 Qb7 17. f3 Rfd8 18. Rac1 e5 19. Nde2 Be6 20. Nd5 Nxd5 21. exd5 Bd7 22. Qa5 Rdc8 23. Qb6 Qxb6 24. Bxb6 Bg5 25. Rc3 Rab8 26. Bc7 b4 27. axb4 Rxb4 28. Bxd6 Rxc3 29. bxc3 Rxb3 30. Bxe5 Be3+ 31. Kh2 a5 32. Bd6 Bb5 33. Nd4 Bxd4 34. cxd4 f6 35. Rc1 Be8 36. Rc8 Kf7 37. Rc7+ Kg6 38. Bf8 Bf7 39. d6 Rb8 40. Be7 Be8 41. d7 Bxd7 42. Rxd7 Ra8 43. Bc5 a4 44. Ra7 1-0

[Event "Warsaw Najdorf Memorial op-B"]
[Site "Warsaw"]
[Date "2022.07.09"]
[Round "1"]
[White "Mazurek, Jerzy"]
[Black "Kochanek, Tomasz"]
[Result "1-0"]
[WhiteElo "1752"]
[BlackElo "1285"]
[PlyCount "41"]
[EventDate "2022.07.09"]
[EventType "swiss"]
[EventRounds "9"]
[EventCountry "POL"]
[SourceTitle "CBM 209 Extra"]
[Source "ChessBase"]
[SourceDate "2022.09.30"]
[SourceVersion "1"]
[SourceVersionDate "2022.09.30"]
[SourceQuality "1"]

1. c4 Nf6 2. Nc3 g6 3. g3 Bg7 4. Bg2 0-0 5. e4 d6 6. Nge2 c5 7. 0-0 e5 8. d3 Nc6 9. f4 Bg4 10. h3 Bd7 11. f5 a6 12. g4 Ne7 13. g5 gxf5 14. gxf6 Bxf6 15. exf5 Nxf5 16. Ne4 Kh8 17. N2g3 Nxg3 18. Nxf6 Nxf1 19. Qxf1 Qc8 20. Nxd7 Qxd7 21. Qf6+ 1-0

[Event "Warsaw YMCA Summer-A 261st"]
[Site "Warsaw"]
[Date "2022.07.07"]
[Round "2"]
[White "Szewczak, Andrzej"]
[Black "Mazurek, Jerzy"]
[Result "0-1"]
[WhiteElo "1694"]
[BlackElo "1746"]
[PlyCount "108"]
[EventDate "2022.06.29"]
[EventType "swiss"]
[EventRounds "10"]
[EventCountry "POL"]
[SourceTitle "EXT 2023"]
[Source "ChessBase"]
[SourceDate "2022.10.05"]
[SourceVersion "1"]
[SourceVersionDate "2022.10.05"]
[SourceQuality "1"]

1. b4 Nf6 2. Bb2 e6 3. a3 d5 4. e3 c5 5. bxc5 Bxc5 6. Nf3 0-0 7. Be2 Nbd7 8. 0-0 Nb6 9. a4 Bd7 10. a5 Na4 11. Bxf6 Qxf6 12. c3 b5 13. d4 Bd6 14. Qb3 a6 15. Nbd2 Rfc8 16. Rfc1 Bc7 17. Qb4 Qd8 18. Nb3 Be8 19. Qa3 Bd6 20. Nc5 Nxc5 21. dxc5 Rxc5 22. Qb2 Rac8 23. g3 Qc7 24. Nd2 Rxc3 25. Rxc3 Qxc3 26. Qxc3 Rxc3 27. Nf3 Bd7 28. Nd4 e5 29. Nxb5 Bxb5 30. Bxb5 axb5 31. a6 Rc8 32. a7 Ra8 33. Ra6 Bc5 34. Ra5 Bxa7 35. Rxb5 Rd8 36. Kf1 f6 37. Ke2 d4 38. g4 d3+ 39. Kd2 Rd7 40. Rb3 Kf7 41. h4 Kg6 42. Rb4 h5 43. gxh5+ Kxh5 44. Re4 Bb8 45. f3 Bc7 46. Ra4 f5 47. Ra6 Kxh4 48. Rg6 Ba5+ 49. Kd1 Rb7 50. Kc1 d2+ 51. Kc2 Rc7+ 52. Kb2 d1Q 53. e4 Qc2+ 54. Ka3 Rc3# 0-1

[Event "Warsaw YMCA Spring-B 258th"]
[Site "Warsaw"]
[Date "2022.05.26"]
[Round "8"]
[White "Sypula, Krzysztof"]
[Black "Mazurek, Jerzy"]
[Result "1-0"]
[WhiteElo "1680"]
[BlackElo "1746"]
[PlyCount "71"]
[EventDate "2022.04.07"]
[EventType "tourn"]
[EventRounds "11"]
[EventCountry "POL"]
[SourceTitle "EXT 2023"]
[Source "ChessBase"]
[SourceDate "2022.10.05"]
[SourceVersion "1"]
[SourceVersionDate "2022.10.05"]
[SourceQuality "1"]

1. Nf3 Nf6 2. c4 g6 3. g3 Bg7 4. Bg2 d6 5. d4 0-0 6. Nc3 Nc6 7. d5 Na5 8. b3 Nxd5 9. Nxd5 Bxa1 10. Bd2 Nxb3 11. axb3 Bg7 12. h4 c6 13. Ne3 h6 14. Qc2 e5 15. h5 g5 16. g4 Be6 17. Bc3 Qd7 18. Bh3 a5 19. 0-0 b5 20. Rd1 Qc7 21. Nf5 Rfd8 22. Nxg7 Kxg7 23. c5 f6 24. Qg6+ Kf8 25. Qxf6+ Qf7 26. Qxh6+ Ke7 27. Nxg5 Qg8 28. Rxd6 Rxd6 29. cxd6+ Kxd6 30. Ne4+ Kc7 31. Bxe5+ Kb7 32. Nc5+ Kb6 33. Nxe6 a4 34. Bd4+ Kb7 35. Nc5+ Kc7 36. Qf4+ 1-0

[Event "Warsaw YMCA Spring-B 258th"]
[Site "Warsaw"]
[Date "2022.05.19"]
[Round "7"]
[White "Mazurek, Jerzy"]
[Black "Sloniewska, Alicja"]
[Result "1-0"]
[WhiteElo "1746"]
[BlackElo "1737"]
[PlyCount "55"]
[EventDate "2022.04.07"]
[EventType "tourn"]
[EventRounds "11"]
[EventCountry "POL"]
[SourceTitle "EXT 2023"]
[Source "ChessBase"]
[SourceDate "2022.10.05"]
[SourceVersion "1"]
[SourceVersionDate "2022.10.05"]
[SourceQuality "1"]

1. c4 c6 2. Nf3 d5 3. d4 Nf6 4. Qb3 dxc4 5. Qxc4 Bf5 6. g3 e6 7. Bg2 Nbd7 8. 0-0 Be7 9. Nc3 0-0 10. e3 Ne4 11. Nd2 Nd6 12. Qe2 e5 13. dxe5 Nxe5 14. e4 Be6 15. Rd1 Qc7 16. b3 Rad8 17. Bb2 Bg4 18. f3 Be6 19. Nf1 a6 20. Ne3 Nb5 21. Nxb5 cxb5 22. f4 Nc6 23. f5 Bc8 24. Nd5 Bc5+ 25. Kh1 Qb8 26. Nf6+ Kh8 27. Qh5 h6 28. Nd7 1-0

[Event "Warsaw YMCA Spring-B 258th"]
[Site "Warsaw"]
[Date "2022.04.21"]
[Round "3"]
[White "Mazurek, Jerzy"]
[Black "Szukalski, Antoni"]
[Result "1/2-1/2"]
[WhiteElo "1746"]
[BlackElo "1702"]
[PlyCount "93"]
[EventDate "2022.04.07"]
[EventType "tourn"]
[EventRounds "11"]
[EventCountry "POL"]
[SourceTitle "EXT 2023"]
[Source "ChessBase"]
[SourceDate "2022.10.05"]
[SourceVersion "1"]
[SourceVersionDate "2022.10.05"]
[SourceQuality "1"]

1. c4 Nf6 2. Nc3 e6 3. d4 Bb4 4. Qc2 c5 5. dxc5 Bxc5 6. Bf4 a6 7. e3 Nc6 8. Nf3 h6 9. Be2 Nh5 10. Bg3 Nxg3 11. hxg3 Be7 12. g4 d6 13. 0-0-0 Qa5 14. a3 Bd7 15. Rh5 Qc7 16. g5 0-0-0 17. gxh6 gxh6 18. Rdh1 Na5 19. Ne4 Rhg8 20. Ng3 Bf8 21. R5h2 Bg7 22. Nd4 Kb8 23. Kb1 Qb6 24. Qd2 Rc8 25. Rc1 e5 26. Qb4 Qxb4 27. axb4 Nxc4 28. Rxc4 Rxc4 29. Bxc4 exd4 30. exd4 Bxd4 31. Rxh6 Bxf2 32. Ne4 Bf5 33. Bd3 Rxg2 34. Rf6 Bxe4 35. Bxe4 Bd4 36. Bxg2 Bxf6 37. Bd5 Bh4 38. Bxf7 Be1 39. b5 axb5 40. Be8 b4 41. Kc2 Kc7 42. Kd3 d5 43. b3 Kd6 44. Bg6 Ke5 45. Kc2 Kd4 46. Bf5 Ke3 47. Bg6 1/2-1/2

[Event "Warsaw YMCA Spring-B 258th"]
[Site "Warsaw"]
[Date "2022.04.07"]
[Round "1"]
[White "Mazurek, Jerzy"]
[Black "Matyszkiewicz, Wiktor"]
[Result "1-0"]
[WhiteElo "1746"]
[BlackElo "1777"]
[PlyCount "45"]
[EventDate "2022.04.07"]
[EventType "tourn"]
[EventRounds "11"]
[EventCountry "POL"]
[SourceTitle "EXT 2023"]
[Source "ChessBase"]
[SourceDate "2022.10.05"]
[SourceVersion "1"]
[SourceVersionDate "2022.10.05"]
[SourceQuality "1"]

1. e4 c5 2. Nf3 d6 3. d4 cxd4 4. Nxd4 Nf6 5. Nc3 e5 6. Bb5+ Bd7 7. Bxd7+ Qxd7 8. Nde2 Be7 9. Bg5 Nc6 10. Bxf6 Bxf6 11. Qd2 0-0 12. 0-0-0 Rfd8 13. Kb1 b5 14. Nd5 Be7 15. f3 Bf8 16. g4 b4 17. h4 Rdb8 18. h5 Ne7 19. h6 Nxd5 20. hxg7 Nc3+ 21. Nxc3 bxc3 22. gxf8Q+ Rxf8 23. Qg5+ 1-0

[Event "Warsaw Maciei Memorial"]
[Site "Warsaw"]
[Date "2021.07.09"]
[Round "1"]
[White "Mazurek, Jerzy"]
[Black "Donchenko, Alexander"]
[Result "0-1"]
[WhiteElo "1719"]
[BlackElo "2652"]
[PlyCount "78"]
[EventDate "2021.07.09"]
[EventType "swiss (blitz)"]
[EventRounds "11"]
[EventCountry "POL"]
[SourceTitle "CBM 203 Extra"]
[Source "ChessBase"]
[SourceDate "2021.09.30"]
[SourceVersion "1"]
[SourceVersionDate "2021.09.30"]
[SourceQuality "1"]

1. c4 b6 2. Nc3 Bb7 3. e4 e5 4. g3 Nc6 5. Bg2 Bc5 6. Nge2 Nge7 7. d3 d6 8. a3 a5 9. 0-0 h5 10. h4 Nd4 11. Nd5 c6 12. Ne3 a4 13. Nxd4 Bxd4 14. Nc2 Bc5 15. Be3 b5 16. cxb5 cxb5 17. d4 Bb6 18. Nb4 0-0 19. Qd2 Nc6 20. Nxc6 Bxc6 21. d5 Bd7 22. Rac1 Rb8 23. Rc2 b4 24. axb4 Bxe3 25. Qxe3 Rxb4 26. Rfc1 Qb8 27. Qa3 Rb3 28. Qa2 Qb6 29. Bf1 Rxg3+ 30. Kh2 Rg4 31. Be2 Rxh4+ 32. Kg3 Rxe4 33. Bf3 Rb4 34. Rc7 h4+ 35. Kg2 h3+ 36. Kg3 Rd8 37. Qa3 Rb3 38. Qa2 Rxb2 39. Qa3 Qxf2# 0-1

[Event "Warsaw YMCA Spring-B 241st"]
[Site "Warsaw"]
[Date "2021.04.15"]
[Round "1"]
[White "Mazurek, Jerzy"]
[Black "Jaroszuk, Marcin"]
[Result "1-0"]
[WhiteElo "1720"]
[BlackElo "1583"]
[PlyCount "69"]
[EventDate "2021.04.15"]
[EventType "swiss"]
[EventRounds "11"]
[EventCountry "POL"]
[SourceTitle "EXT 2022"]
[Source "ChessBase"]
[SourceDate "2021.10.06"]
[SourceVersion "1"]
[SourceVersionDate "2021.10.06"]
[SourceQuality "1"]

1. d4 Nf6 2. c4 e6 3. Nc3 d5 4. cxd5 exd5 5. Bg5 c6 6. Qc2 Be7 7. e3 0-0 8. Bd3 Re8 9. Nge2 h6 10. Bh4 Ne4 11. Bxe7 Qxe7 12. Bxe4 dxe4 13. Ng3 f5 14. 0-0 Na6 15. f3 exf3 16. Rxf3 g6 17. Raf1 Be6 18. e4 Bc4 19. Rd1 Nb4 20. Qd2 fxe4 21. Ncxe4 Kg7 22. d5 Bxd5 23. Qd4+ Qe5 24. Qxb4 Bxe4 25. Re3 a5 26. Qxb7+ Re7 27. Qxa8 Qc5 28. Nf1 Bd5 29. Rde1 Bc4 30. Kh1 Rf7 31. Ng3 Rf2 32. Re7+ Bf7 33. Qa7 Qxa7 34. Rxa7 Rxb2 35. Rf1 1-0

[Event "Warsaw YMCA Winter-B 237th"]
[Site "Warsaw"]
[Date "2021.03.25"]
[Round "10"]
[White "Mazurek, Jerzy"]
[Black "Safanowski, Tomasz"]
[Result "1/2-1/2"]
[WhiteElo "1704"]
[BlackElo "1832"]
[PlyCount "20"]
[EventDate "2021.01.21"]
[EventType "tourn"]
[EventRounds "11"]
[EventCountry "POL"]
[SourceTitle "EXT 2022"]
[Source "ChessBase"]
[SourceDate "2021.10.06"]
[SourceVersion "1"]
[SourceVersionDate "2021.10.06"]
[SourceQuality "1"]

1. d4 d5 2. c4 c6 3. Nf3 Nf6 4. Qb3 a6 5. Bg5 e6 6. Nc3 Nbd7 7. e3 Qa5 8. Rc1 Ne4 9. Bf4 g5 10. Bg3 h5 1/2-1/2

[Event "Warsaw YMCA Winter-B 237th"]
[Site "Warsaw"]
[Date "2021.03.04"]
[Round "7"]
[White "Mazurek, Jerzy"]
[Black "Mlynarski, Zbigniew"]
[Result "1-0"]
[WhiteElo "1704"]
[BlackElo "1568"]
[PlyCount "67"]
[EventDate "2021.01.21"]
[EventType "tourn"]
[EventRounds "11"]
[EventCountry "POL"]
[SourceTitle "EXT 2022"]
[Source "ChessBase"]
[SourceDate "2021.10.06"]
[SourceVersion "1"]
[SourceVersionDate "2021.10.06"]
[SourceQuality "1"]

1. d4 Nf6 2. c4 e6 3. Nc3 Bb4 4. Qc2 d5 5. cxd5 exd5 6. Bg5 0-0 7. e3 Bg4 8. Bd3 h6 9. Bh4 Nbd7 10. h3 Be6 11. Nge2 c5 12. 0-0 c4 13. Bf5 Qb6 14. f3 Rfe8 15. Bf2 Re7 16. Ng3 Bd6 17. Bxe6 Rxe6 18. Nf5 Bf8 19. e4 Qc6 20. e5 Nh5 21. Be3 g5 22. g4 Ng7 23. Rad1 Ne8 24. h4 Rg6 25. hxg5 hxg5 26. Rf2 Ng7 27. Rh2 Nxf5 28. gxf5 Rg7 29. f6 Nxf6 30. exf6 Qxf6 31. Rf1 Qe6 32. Nd1 Be7 33. Rh5 g4 34. Qh2 1-0